Data asas Melaka negeri bersejarah 2009 (Record no. 22927)
[ view plain ]
| 000 -LEADER | |
|---|---|
| fixed length control field | 00485nam a2200205#a 4500 |
| 001 - CONTROL NUMBER | |
| control field | 01361 |
| 003 - CONTROL NUMBER IDENTIFIER | |
| control field | HDC |
| 007 - PHYSICAL DESCRIPTION FIXED FIELD--GENERAL INFORMATION | |
| fixed length control field | ta |
| 008 - FIXED-LENGTH DATA ELEMENTS--GENERAL INFORMATION | |
| fixed length control field | 230623s2023 xx 000 0 eng d |
| 040 ## - CATALOGING SOURCE | |
| Original cataloging agency | HDC |
| 050 ## - LIBRARY OF CONGRESS CALL NUMBER | |
| Classification number | HA4600.6 |
| Item number | .D38 2009 |
| 110 ## - MAIN ENTRY--CORPORATE NAME | |
| Corporate name or jurisdiction name as entry element | Melaka. Unit Perancang Ekonomi. |
| 245 #0 - TITLE STATEMENT | |
| Title | Data asas Melaka negeri bersejarah 2009 |
| 300 ## - PHYSICAL DESCRIPTION | |
| Extent | 64p. : |
| Other physical details | ill. ; |
| Dimensions | 20cm |
| 650 ## - SUBJECT ADDED ENTRY--TOPICAL TERM | |
| Topical term or geographic name entry element | Melaka |
| General subdivision | Statistics |
| 942 ## - ADDED ENTRY ELEMENTS (KOHA) | |
| Source of classification or shelving scheme | Library of Congress Classification |
| 942 ## - ADDED ENTRY ELEMENTS (KOHA) | |
| Koha item type | Book |
| 942 ## - ADDED ENTRY ELEMENTS (KOHA) | |
| Call number prefix | HA4600.6 |
| 942 ## - ADDED ENTRY ELEMENTS (KOHA) | |
| Call number suffix | .D38 2009 |
| Withdrawn status | Lost status | Source of classification or shelving scheme | Damaged status | Not for loan | Collection | Home library | Current library | Shelving location | Date acquired | Total checkouts | Full call number | Barcode | Date last seen | Price effective from | Koha item type |
|---|---|---|---|---|---|---|---|---|---|---|---|---|---|---|---|
| Library of Congress Classification | Non-fiction | Halal Development Corporation Library | Halal Development Corporation Library | Open Shelves | 17/11/2020 | HA4600.6 .D38 2009 | HDC0001007 | 24/05/2023 | 24/05/2023 | Book |
